|
|
|
|
| LEADER |
00000cam a2200000 7i4500 |
| 001 |
0000007648 |
| 005 |
20070312093000.0 |
| 008 |
061106s2003 nyu eng |
| 020 |
|
|
|a 1402709323
|
| 090 |
0 |
0 |
|a NC730
|b .F8613 2003
|
| 240 |
1 |
0 |
|a Fundamentos del dibujo artistico
|l [English]
|
| 245 |
0 |
0 |
|a Art of drawing :
|b the complete course
|c [translated from the Spanish by Maria Constanza Guzman and Olga Martin]
|
| 260 |
2 |
|
|a New York :
|b Sterling ,
|c c2003
|
| 300 |
|
|
|a 256 p. :
|b ill. (some col.) ;
|c 29 cm.
|
| 504 |
|
|
|a Includes index
|
| 650 |
|
0 |
|a Drawing
|x Technique
|
| 999 |
|
|
|a 1000105725
|b Book
|c OPEN SHELF (30 DAYS)
|e Gong Badak Campus
|